Flags with birds – sudden death - Statistics

General Stats
  • This quiz has been taken 1,839 times
  • The average score is 6 of 14
Answers on the Grid
Answers color-coded by a green-red scale on the quiz's grid according to % correct below.
Albania
Bhutan
Brazil
Cambodia
Canada
Cape Verde
Colombia
Costa Rica
Cyprus
Dominica
Ecuador
Egypt
El Salvador
Guatemala
Haiti
India
Kazakhstan
Kenya
Kiribati
Mauritius
Mexico
Moldova
Montenegro
Mozambique
Papua New Guinea
Peru
Philippines
Serbia
Slovenia
Sri Lanka
Tajikistan
Uganda
Uruguay
Vanuatu
Venezuela
Zimbabwe
 
Answer Stats
Answer % Correct
Albania
90%
Mexico
60%
Egypt
54%
Papua New Guinea
50%
Dominica
42%
Kazakhstan
38%
Montenegro
38%
Uganda
38%
Serbia
37%
Moldova
35%
Zimbabwe
35%
Ecuador
34%
Kiribati
34%
Guatemala
17%
No matching quizzes found
Score Distribution
Percent of People with Each Score
Percentile by Number Answered
Your Score History
You have not taken this quiz